| 000 | 01173nam a22002657a 4500 | ||
|---|---|---|---|
| 001 | 7159 | ||
| 003 | FISKH | ||
| 005 | 20250630143232.0 | ||
| 008 | 250630b cb ||||| |||| 00| 0 eng d | ||
| 020 | _a9780811804592 | ||
| 040 |
_aFISKH _beng _cFISKH _dFISKH |
||
| 050 | _aQL122.E75 | ||
| 082 | _a596.092 | ||
| 100 | _aErickson, Amy | ||
| 245 |
_aSea animals / _cby Amy Erickson |
||
| 260 |
_aSan Francisco : _bChronicle Books, _c1995. |
||
| 300 |
_a12 unnumbered pages : _bcolor illustrations ; _c22 cm |
||
| 505 | _aE | ||
| 520 | _aAnswering the need for board books with high quality illustrations and simple yet informative texts, this colorful book introduces young children to a variety of animals. InSea Animals, children learn about a sea otter, sea turtle, whale, shark, dolphin, and elephant seal. Constructed on heavy board that can withstand hours of interactive play, this sturdy book is a great way for young children to explore exotic environments and meet animals from around the world. | ||
| 521 | 8 |
_a160
_bLexile estimate |
|
| 521 | 8 |
_aE
_bRaz-Plus |
|
| 650 |
_aBoard book _vSea animals _xMammals |
||
| 942 |
_2ddc _cBK _n0 |
||
| 999 |
_c7159 _d7159 |
||